000
00406nam a22001697a 4500
003
MPLRDC
005
20220104144445.0
008
210129b ||||| |||| 00| 0 eng d
082
_a
617 PPG
100
_a
彭品光编著
245
_a
澎湃怡情集
_c
250
_a
初版
260
_a
_b
源成文化图书供应社
_c
1677
300
_b
平
650
_a
中国史地杂论
942
_c
BK
_o
617 PPG
999
_c
49805
_d
49795